书目信息 |
| 题名: |
民间情歌
|
|
| 作者: | 董森 编 | |
| 分册: | ||
| 出版信息: | 北京 中国民间文艺出版社 1981 |
|
| 页数: | 230页 | |
| 开本: | 19cm | |
| 丛书名: | ||
| 单 册: | ||
| 中图分类: | I277.2 | |
| 科图分类: | ||
| 主题词: | 情歌--中国--现代--选集 | |
| 电子资源: | ||
| ISBN: | ||
| 000 | 00559nam0 2200217 45 | |
| 001 | 1549160180 | |
| 005 | 20150127220045.76 | |
| 010 | @dCNY0.75 | |
| 091 | @aCN@b10229.0007 | |
| 100 | @a19950628d1981 em y0chiy0121 ea | |
| 101 | 0 | @achi |
| 102 | @aCN@b110000 | |
| 105 | @ay z 000zy | |
| 200 | 10 | @a民间情歌@Amin jian qing ge@f董森编 |
| 210 | @a北京@c中国民间文艺出版社@d1981 | |
| 215 | @a230页@d19cm | |
| 606 | @a情歌@y中国@z现代@x选集 | |
| 690 | @aI277.2@v3 | |
| 701 | 0 | @a董森@Adong sen@4编 |
| 801 | 0 | @aCN@bTSSF@c20150127 |
| 905 | @aZUCC@dI277.2@eJY1 | |
| 民间情歌/董森编.-北京:中国民间文艺出版社,1981 |
| 230页;19cm |
| ISBN :CNY0.75 |
| ● |
| 相关链接 |
|
|
|
|
正题名:民间情歌
索取号:I277.2/JY1
 
预约/预借
| 序号 | 登录号 | 条形码 | 馆藏地/架位号 | 状态 | 备注 |
| 1 | 7841302 | 278413021 | 学院路分馆/ [索取号:I277.2/JY1] | 在馆 | |
| 2 | 7841303 | 278413030 | 学院路分馆/ [索取号:I277.2/JY1] | 在馆 |